| 000 | 00932cam8a220025300 4500 | ||
|---|---|---|---|
| 001 | qce00373121 | ||
| 005 | 20190823112317.0 | ||
| 008 | 750429s1952 nyu b 000 0 eng u | ||
| 010 | _a 51011923 | ||
| 035 | _a(Sirsi) r101099 | ||
| 035 | _a(QCAT)lss00813103 | ||
| 035 | _a(UPRA)qce00373121 | ||
| 040 | _dUPRA | ||
| 050 |
_aBV2020 _b.I6 1952f |
||
| 100 | 1 |
_aHogg, William Richey, 1921- _dHogg, William Richey, 1921- _6A59220.1 |
|
| 245 | 1 | 0 |
_aEcumenical foundations : _ba history of the International Missionary Council and its nineteenth century background. |
| 250 | _a[1st ed.]. | ||
| 260 |
_aNew York : _bHarper, _c[1952] |
||
| 500 | _a"Presented originally .... as a dissertation for the degree of doctor of philosophy in Yale University." | ||
| 504 | _aBibliography: p. 435-449. | ||
| 610 | 2 | 0 |
_aInternational Missionary Council. _6S45617.1 |
| 949 |
_aBV2020 _wlcc _i-144027 _mMAIN _tBOOK _lON-SHELF |
||
| 004 | 101099 | ||
| 999 |
_c153031 _d153031 |
||